000 00308nam a2200133Ia 4500
008 150201s2007 xx 000 0 und d
082 _a616
_bA07B
100 _aBHATIA,RS
245 _aAIDS/HIV DISEASE
250 _a1ST
260 _bPEEPEE
_aDELHI
_c2007
650 _aMEDICINE AND DIAGNOSIS
942 _2ddc
_cBK
999 _c641
_d641